000 00304 a2200157 4500
001 161759
020 _a
040 _cMagnum
100 _aFaraco & Moura
240 1 0 _aGramatica nova
_lpor
245 1 0 _aGramatica nova
362 0 _a1899
440 1 _aÁtica
697 _aGRAMATICA
942 _cBK
999 _c161759
_d161759